000 01071cas a2200265 a 4500
003 DLC
005 20260325111019.0
008 991125c2000 mx ar p r 000 0 spa d
022 _a2007-9621 (electrónico)
022 _a0188-6266 (impeso)
035 _aUPN01000059301
040 _aMX-MxUPN
_bspa
_cMX-MxUPN
_eaacr2
245 1 0 _aActa universitaria
260 _aGuanajuato, Guanajuato, México :
_bUniversidad de Guanajuato. Coordinación General de la Investigación,
_c1991-
310 _aAnual
321 _aSemestral
506 0 _aAcceso abierto
510 1 _aLatindex
520 3 _aEs una publicación científica multidisciplinaria arbitrada por un sistema de doble ciego que aborda temas de las ciencias biológicas, agropecuarias y del medio ambiente; ciencias exactas e ingenierías; ciencias de la salud; ciencias sociales y humanidades y ciencias económico administrativas.
530 _aTambién disponible en línea
650 4 _aInvestigación científica
_96034
902 _aGloria Jiménez/050625
905 _aRevista
942 _cREV-I
999 _c59301
_d59301